000 00706nam a22002057a 4500
999 _c15464
_d15464
003 AR-CdUCM
008 190427b ||||| |||| 00| 0 spa d
040 _aMUNICIPALIDAD PROVINCIAL DEL CUSCO
_cBIBLIOTECA MUNICIPAL DEL CUSCO
082 _a228 /
_bJ81
100 _aScio de San Miguel, Felipe
_934546
245 _aEl apocalipsis o Revelación del Apostol San Juan /
260 _aMadrid :
_bMinerva,
300 _a88 páginas ;
_c18 cm.
505 _aContenido : El apocalipsis o Revelación del Apostol San Juan -- Capítulos : I -- II -- III -- IV ...
650 _aBiografia
_9437
650 _aSociales
_928612
650 _aEspañola
_924066
942 _2ddc
_cLIBROS
945 _arah
_d27/04/2019